Türkiye ve Balkan Yahudileri tarihi (Record no. 10704)

MARC details
000 -BAŞLIK
Sabit Uzunlukta Kontrol Alanı 00885na a2200289 4500
001 - KONTROL NUMARASI
Denetim Alanı 24548
003 - KONTROL NUMARASI IDENTIFIER
Denetim Alanı MIRAKIL
005 - SON İŞLEM TARİHİ VE ZAMANI
Denetim Alanı 20181213155331.0
008 - SABİT-BOY VERİ ELEMANLARI - GENEL BİLGİLER
Sabit Uzunlukta Kontrol Alanı 181130b tu 000 0
020 ## - ULUSLARARASI STANDART KİTAP NUMARASI
Uluslararası Standart Kitap Numarası 9754709238
040 ## - KATALOGLAMA KAYNAK
Orijinal Kataloglama Ajansı Milas
Kataloglama Dili tur
Metne Dönüştürmek Ajansı TR-AnCHP
041 ## - DİL KODU
Metin / Ses Parça Veya Ayrı Başlığın Dil Kodu tur
082 ## - DEWEY ONLU SINIFLANDIRMA NUMARASI
Sınıflandırma Numarası 909.04924
Ürün Numarası B35t 2001
090 ## - SINIFLAMA NUMARASI
Sınıflama Numarası 909.04924 B35t 2001
100 ## - ANA GİRİŞ - KİŞİSEL İSİM
Kişisel Ad Benbassa, Esther
245 ## - BAŞLIK TABLOSU
Başlık Türkiye ve Balkan Yahudileri tarihi
Sorumluluk Tablosu, Vb Esther Benbassa , Aron Rodrıgue ; çeviren: Ayşe Atasoy
260 ## - YAYIN, DAĞITIM, VB
Yayın, Dağıtım, Vb Yeri İstanbul
Yayıncı, Dağıtıcı, Vs Adı İletişim Yayınları
Yayın, Dağıtım, Vb Tarihi 2001
300 ## - FİZİKSEL TANIM
Kapsam 455 s.
Diğer Fiziksel Ayrıntıları hrt. , fotğ.
Boyutlar 20 sm.
440 ## - SERİSİ TABLOSU / KATMA GİRİŞİ - BAŞLIK
Başlık İletişim yayınları
Hacim / Ardışık Tanımı 742
490 ## - SERİSİ TABLOSU
Seri Beyanı Tarih dizisi
Hacim / Ardışık Tanımı 14
504 ## - KAYNAKÇA VB NOT
Kaynakça Vb Notu Kaynakça ve dizin var.
650 ## - KONU KATMA GİRİŞ - TOPİKAL DÖNEM
Topikal Süreli Veya Coğrafi Ad Giriş Elemanı Yahudiler
Genel Alt Bölümü Balkan Ülkeleri
Kronolojik Alt Bölümü Tarih
650 ## - KONU KATMA GİRİŞ - TOPİKAL DÖNEM
Topikal Süreli Veya Coğrafi Ad Giriş Elemanı Yahudiler
Genel Alt Bölümü Türkiye
Kronolojik Alt Bölümü Tarih
700 ## - KATMA GİRİŞ - KİŞİSEL İSİM
Kişisel Ad Atasoy, Ayşe
Relator Terim çev.
700 ## - KATMA GİRİŞ - KİŞİSEL İSİM
Kişisel Ad Rodrigue, Aron
942 ## - EKLENDİ GİRİŞ ELEMANLARI (KOHA)
Sınıflandırma Veya Raf Düzeni Kaynak Dewey Decimal Classification
Koha Öğesi Türü Books
999 ## - SİSTEM KONTROL NUMARALARI (KOHA)
Koha Biblionumber 10704
Koha Biblioitemnumber 10704
Holdings
Kalıcı Konum Mevcut Konum Edinme Tarihi Edinim Kaynak Toplam Check-Out'Lar Tam Çağrı Numarası Barkod Tarih Son Görülme İtibaren Geçerli Fiyatlar Sigara Kamu Notu Koha Öğesi Türü
CHP Kütüphanesi CHP Kütüphanesi 11/30/2018 Bağış   909.04924 B35t 2001 018188 11/30/2018 11/30/2018 Bağışlayan: Ertuğrul Çepni Books